000 00704nam a2200253 i 4500
001 C2-0315618
003 PPAK
005 20180728111448.0
008 120620s2001 nyua|||| ||||| | eng d
020 _a019513477X
040 _aPPAK
_beng
_cPPAK
_erda
082 0 4 _a537
_223
090 0 0 _a537
_bSAD
_dR
100 1 _aSadiku, Matthew N.O.,
_eauthor
245 1 0 _aElements of electromagnetics
250 _aThird edition
264 1 _aNew York :
_bOford University Press ,
_c2001
300 _axv, 761 pages :
_bcolour illustrations ;
_c24 cm
336 _2rdacontent
_atext
337 _2rdamedia
_aunmediated
338 _2rdacarrier
_avolume
650 1 0 _aElectromagnetism.
942 _ddc
_cB
999 _c116842
_d116842